000 03315cam a2201261Mi 4500
003 PE-LiUPU
005 20250813185326.0
008 030521s2003 sp 000 0 spa d
020 _a8489618941
020 _a9788489618947
035 _a(Sirsi) i9788489618947
040 _aPL#
_bspa
_cPL#
_dOCLCQ
_dBNM
_dESUDE
_dOCLCQ
_dPE-LiUPU
049 _aPRUA
082 0 4 _a301
_bD31
_220
100 1 _aDavis, Mike,
_eautor.
245 1 0 _aCiudad de cuarzo :
_bArqueología del futuro en los Ángeles /
_cMike Davis.
264 _aMadrid :
_bLengua de Trapo Ediciones,
_c2003.
300 _axxvi, 387 páginas ;
_c22 centímetros.
336 _text
_2rdacontent
337 _unmediated
_2rdamedia
338 _volume
_2rdacarrier
504 _aBibliografía : páginas 381-387.
505 _aPrólogo -- ¿Sol radiante o serie negra? -- Líneas de fuerza -- Una revolución propia -- La fortaleza LA -- El martillo y la roca de droga -- Nuevas confesiones -- Vertederos de sueños.
526 _aP202
526 _aP201
526 _aP163
526 _aP162
526 _aP161
526 _aP160
526 _aP148
526 _aP147
526 _aP146
526 _aP145
526 _aP144
526 _aP143
526 _aP142
526 _aP141
526 _aP140
526 _aP139
526 _aP138
526 _aP137
526 _aP136
526 _aP135
526 _aP134
526 _aP133
526 _aP129
526 _aP128
526 _aP127
526 _aP120
526 _aP119
526 _aP118
526 _aP116
526 _aP115
526 _aP114
526 _aP110
526 _aP109
526 _aP108
526 _aP104
526 _aP103
526 _aP102
526 _aP99
526 _aP98
526 _aP97
526 _aP96
526 _aP95
526 _aP93
526 _aP90
526 _aP89
526 _aP88
526 _aP83
526 _aP82
526 _aP62
526 _aP59
526 _aP58
526 _aP57
526 _aP51
526 _aP49
526 _aP48
526 _aP47
526 _aP29
526 _aP24
526 _aP20
526 _aP19
526 _aP17
526 _aP15
526 _aP14
526 _aP12
526 _aP10
526 _aP09
526 _aP08
526 _aP07
526 _aP06
526 _aP05
526 _aP04
526 _aP01
534 _aTítulo original.
_tCity of quartz. Excavating the future in Los Angeles.
541 _g003-001191;
650 0 4 _aSociología urbana
_zEstados Unidos
_zLos Ángeles.
651 7 _aLos Ángeles
_xSituación social.
_2embne
653 _aCrimen
_aCalifornia
_aLos Ángeles.
653 _aLos Ángeles
_aCondiciones sociales.
700 1 _aReig, Rafael,
_d(1963- ),
_etraductor.
942 _2ddc
_cBOOK
949 _a301 D31
_wDEWEY
_c1
_i73915
_lCCODEBUL1
_mBUL
_p32.42
_r0
_sY
_tBOOK
_u2016-6-22
_xEDUCACION
_PP06
_0COMPRA
_o.STAFF. Colección General
994 _aC0
_bPEPRU
596 _a1
999 _a301 D31
_wDEWEY
_c10104
_i73915
_f2021-11-4
_g5
_lCCODEBUL1
_mBUL
_p32.42
_r0
_sY
_tBOOK
_u2016-6-22
_xBIBLIOTECA
_PP06
_0COMPRA
_o.STAFF. Colección General
_d10104
980 _81
_gALBERTO SANCHEZ Responsable de Automatización